00706nam a22002177a 450000500170000001000130001702000110003003500130004103700170005404000120007108200130008310000200009624501420011625000460025826000460030427000520035030000200040265000220042265000280044470000160047220170124105934.0 aA-574579 c330.00 aA-574579 bCen Lib/ Ret aDPLbEN a327bPRA aPrakash Chander aInternational relations :cby Prakash Chender [and] Prem Arorabfor civil servises (Main) exam. and M.A. 7 B.A. of various universities / a11th ed.(thorouglhy revised and enlarged) aNew DelhibCosmos Bookhive (P) Ltd.c1980 aCB- 352 Ring Road, Naraina bNew Delhi e110028 a600p.c20cm(Hb) aPolitical Science aInternational Relations aArora, Prem